Budgetary control in electricity undertakings (Record no. 345239)

000 -LEADER
fixed length control field 00582cam a22001697a 4500
008 - FIXED-LENGTH DATA ELEMENTS--GENERAL INFORMATION
fixed length control field 180718b1984 xxu||||| |||| 00| 0 eng d
082 ## - DEWEY DECIMAL CLASSIFICATION NUMBER
Classification number V52x54 G959
100 ## - MAIN ENTRY--PERSONAL NAME
Personal name Gupta, Gouri S.
245 ## - TITLE STATEMENT
Title Budgetary control in electricity undertakings
Statement of responsibility, etc. by Gouri S. Gupta
260 ## - PUBLICATION, DISTRIBUTION, ETC.
Place of publication, distribution, etc. New Delhi
Name of publisher, distributor, etc. National
Date of publication, distribution, etc. 1984
300 ## - PHYSICAL DESCRIPTION
Extent 187p.
650 ## - SUBJECT ADDED ENTRY--TOPICAL TERM
Topical term or geographic name entry element Government Corporations - India
650 ## - SUBJECT ADDED ENTRY--TOPICAL TERM
Topical term or geographic name entry element Ahmedabad Electricity Compaby Limited
650 ## - SUBJECT ADDED ENTRY--TOPICAL TERM
Topical term or geographic name entry element Calcutta Electricity Supply Company Limited
650 ## - SUBJECT ADDED ENTRY--TOPICAL TERM
Topical term or geographic name entry element Delhi Electricity Supply Undertaking
650 ## - SUBJECT ADDED ENTRY--TOPICAL TERM
Topical term or geographic name entry element Electric utilities - Finance - India
Holdings
Withdrawn status Lost status Damaged status Not for loan Permanent Location Current Location Date acquired Full call number Barcode Date last seen Price effective from Koha item type
        Indian Institute of Public Administration Indian Institute of Public Administration 1993-10-06 V52x54 G959 60887 2018-07-21 2018-07-21 Book

Powered by Koha